000 00442nam a2200181Ia 4500
001 20918
005 20260306172841.0
008 260306t2010||||xx |||||||||||||| ||spa||
041 _aESP
082 _a343.8
_bU824
100 _aUckmar, Víctor
_eAUT
245 0 _aManual de derecho tributario internacional
260 _c2010
300 _axxiv, 541 páginas :
_c24 cm.
650 _aGEN
654 _aCCO
942 _cLIB
_dJUS
_fJUS
_2ddc
_n
999 _c20918
_d20918